1400 1196 1245 1703 1852 1091 1369 1417 1039 1192 1206 1395 1817 1080 1072 1819 1217 1320 1563 1681 1749 1042 1615 1698 1488 1989 1260 1891 1689 1826 1176 1233 1659 1856 1577 1636 1308 1445 1138 1579 1033 1320 1952 1370 1181 1401 1842 1751 1188 1723 1143 1092 1037 1375 1680 1803 1522 1005 1333 1112 1573 1872 1148 1916 1229 1101 1997 1824 1731 1210 1153 1122 1135 1148 1505 1983 1775 1493 1477 1258 1046 1078 1554 1077 1101 1695 1301 1931 1947 1905 1339 1530 1741 1035 1431 1923 1655 1521 1904 BCNSPRNW ULIB Ver.6.0+V

เปลี่ยนเป็นภาษาไทย

Change to English
 แสดงรายละเอียดบรรณานุกรม
  กลับหน้าหลัก

Brief Record : Get Marc (ISO 2709) : E-mail record : QR code < ปิดหน้าต่าง
LEADER : 00000nam 2200000uu 4500
001    13399125548
003     ULIB
008    170623s2559||||th 000 0 tha d
020    ^a9786162798627
060 04 ^aQZ210^bห321
245 00 ^aหลักการของอณูพันธุศาสตร์และพันธุศาสตร์ของมะเร็ง /^cบรรณาธิการ, มานพพิทักษ์ภากร, ศิวนนท์ จิรวัฒโนทัย, ภูมิ สุขธิติพัฒน์
250    ^aพิมพ์ครั้งที่ 1
260    ^aกรุงเทพฯ :^bสำนักพิมพ์ศิริราช งานวิชาการ สำนักงานคณบดีคณะแพทยศาสตร์ศิริราชพยาบาล มหาวิทยาลัยมหิดล,^c2559
300    ^axiii, 285 หน้า :^bภาพประกอบสี ;^c26 ซม.
650  4 ^aอณูพันธุศาสตร์
650  4 ^aมะเร็ง
653    ^aผลงานอาจารย์คณะแพทยศาสตร์ศิริราชพยาบาล
700 0  ^aมานพ พิทักษ์ภากร,^eบรรณาธิการ
700 0  ^aศิวนนท์ จิรวัฒโนทัย,^eบรรณาธิการ
700 0  ^aภูมิ สุขธิติพัฒน์,^eบรรณาธิการ
710 2  ^aมหาวิทยาลัยมหิดล.^bคณะแพทยศาสตร์ศิริราชพยาบาล
945    ^p0^l0^i002415
945    ^p0^l0^i002416
999    ^aวรรณษา ชูชัยมงคล
รายการนี้ยังไม่มีแท็ก
คุณยังไม่ได้ล็อกอิน คุณสามารถมีกิจกรรมร่วมกับเว็บไซต์ได้ แต่ต้องล็อกอินก่อน ::
  ล็อกอิน

รายการสื่อสารสนเทศ

ลำดับที่ ประเภท เลขเรียก/บาร์โค้ด สถานที่ สถานะ
1. วิทยาศาสตร์การแพทย์ และสุขภาพ
วิทยาศาสตร์การแพทย์ และสุขภาพ
สถานะ=หนังสือเก่า
QZ210 ห321 ฉ.1 
  Barcode: 002415
ห้องสมุดวิทยาเขตสวรรค์ประชารักษ์
►ส่วนจัดเก็บหนังสือเก่า สปร
บนชั้น
  ขอยืม
2. วิทยาศาสตร์การแพทย์ และสุขภาพ
วิทยาศาสตร์การแพทย์ และสุขภาพ
สถานะ=หนังสือเก่า
QZ210 ห321 ฉ.2 
  Barcode: 002416
ห้องสมุดวิทยาเขตสวรรค์ประชารักษ์
►ส่วนจัดเก็บหนังสือเก่า สปร
บนชั้น
  ขอยืม

รายการใกล้เคียง
    หัวเรื่อง [อณูพันธุศาสตร์]
    หัวเรื่อง [มะเร็ง]

BibComment


ยังไม่เคยถูกคอมเมนท์

คอมเมนท์ทรัพยากรรายการนี้
  คอมเมนท์: หลักการของอณูพัน..


 Copyright 2026. Bcnsprnw @Library